A COVID–19 hatása az autóipari félvezetőellátásra a bosch válságkezelési stratégiái és tanulságai
| Main Author: | |
|---|---|
| Other Authors: | |
| Format: | Thesis |
| Kulcsszavak: | autóipar ellátásilánc félvezető koronavírus-járvány (COVID-19) válságkezelés |
| Online Access: | http://dolgozattar.uni-bge.hu/59088 |
MARC
| LEADER | 00000nta a2200000 i 4500 | ||
|---|---|---|---|
| 001 | dolg59088 | ||
| 005 | 20251027142935.0 | ||
| 008 | 251027suuuu hu om 000 hun d | ||
| 040 | |a BGE Dolgozattár Repozitórium |b hun | ||
| 041 | |a hu | ||
| 100 | 1 | |a Varga Zsolt | |
| 245 | 1 | 2 | |a A COVID–19 hatása az autóipari félvezetőellátásra |b a bosch válságkezelési stratégiái és tanulságai |c Varga Zsolt |h [elektronikus dokumentum] |
| 520 | 3 | |a A COVID–19 világjárvány példátlan kihívás elé állította a globális ellátási láncokat, különösen az autóiparban kulcsszerepet betöltő félvezetők piacán. A jelen szakdolgozat célja a félvezetőhiány hatásának vizsgálata a Robert Bosch Elektronikai Kft. hatvani telephelyének ellátásilánc-működésére, különös tekintettel a vállalati válságkezelési stratégiákra. A dolgozat elméleti része bemutatja az ellátásilánc-menedzsment alapfogalmait, a chipválság kialakulását, valamint az ostorcsapás-effektus és a válságállóság (resilience) relevanciáját. A kutatás kvalitatív módszertant alkalmaz, mélyinterjúk segítségével tárja fel a vállalati döntések hátterét, az allokációs mechanizmusokat, valamint az alkalmazott kockázatcsökkentő intézkedéseket. A Bosch stratégiáját a Toyota válságkezelési gyakorlatával összehasonlítva a dolgozat rámutat arra, hogy a decentralizált, reaktív megközelítést hogyan váltja fel a proaktív, digitális és multisourcing-alapú beszerzési logika. A kutatás kiemelt tanulsága, hogy a hatvani telephely számára a tanult válságkezelési eszközök egy része hosszú távon is beépült az operatív működésbe, ezzel növelve a szervezeti rezilienciát. | |
| 695 | |a autóipar | ||
| 695 | |a ellátásilánc | ||
| 695 | |a félvezető | ||
| 695 | |a koronavírus-járvány (COVID-19) | ||
| 695 | |a válságkezelés | ||
| 700 | 1 | |a Horváth Dr. Annamária |e ths | |
| 700 | 1 | |a Oszter-Nyikos Adrienn |e ths | |
| 856 | 4 | 0 | |u http://dolgozattar.uni-bge.hu/59088/1/Szakdolgozat_Varga%20Zsolt.pdf |z Dokumentum-elérés |
| 856 | 4 | 0 | |u http://dolgozattar.uni-bge.hu/59088/2/Nyiltakozat_Bizalmas.pdf |z Dokumentum-elérés |
| 856 | 4 | 0 | |u http://dolgozattar.uni-bge.hu/59088/3/Varga%20Zsolt.pdf |z Dokumentum-elérés |
| 856 | 4 | 0 | |u http://dolgozattar.uni-bge.hu/59088/4/Szakdolgozati_b%C3%ADr%C3%A1lat_Varga_Zsolt.pdf |z Dokumentum-elérés |